LEADER 01040nam0-2200373---450- 001 990000386860203316 005 1994070413333530 010 $a88-430-0132-9 035 $a0038686 035 $aUSA010038686 035 $a(ALEPH)000038686USA01 035 $a0038686 100 $a19950404d1994----km-y1itay0103----ba 101 $aita 102 $aIT 105 $aa|||||||001yy 200 1 $a<> vaccini$fGiorgio Bartolozzi 210 $aRoma$cNIS$d1994 215 $a436 p.$d24 cm 225 2 $aPediatria e specialità pediatriche$v11 410 0$12001$aPediatria e specialità pediatriche$v11 606 $aVaccinazione 676 $a614.47 700 1$aBARTOLOZZI,$bGiorgio$0296079 801 0$aIT$bBNI$c19950404$gRICA 912 $a990000386860203316 951 $a614.47 BAR$b2628 Farm.$c614$d00072442 959 $aBK 969 $aFAR 979 $aJOHNNY$b40$c20010403$lUSA01$h1053 979 $c20020403$lUSA01$h1646 979 $aPATRY$b90$c20040406$lUSA01$h1627 996 $aVaccini$9875777 997 $aUNISA LEADER 02353oam 2200721 450 001 9910715172303321 005 20220304132652.0 035 $a(CKB)5470000002508289 035 $a(OCoLC)1226497373$z(OCoLC)1231541379 035 $a(EXLCZ)995470000002508289 100 $a20201211g20209999 ua 0 101 0 $aeng 135 $aurbn||||a|||| 181 $ctxt$2rdacontent 182 $cc$2rdamedia 183 $acr$2rdacarrier 200 10$aH.R. 4644, the Libya Stabilization Act $ereport together with additional views (to accompany H.R. 4644) (including cost estimate of the Congressional Budget Office) 210 1$a[Washington, D.C.] :$c[U.S. Government Publishing Office],$d[2020]- 215 $a1 online resource (volumes) 225 1 $aRept. / 116th Congress, 2d session, House of Representatives ;$v116-594 300 $a"November 17, 2020"--Pt. 1. 517 $aH.R. 4644, the Libya Stabilization Act 606 $aEconomic sanctions, American$zLibya 606 $aPolitical stability$zLibya 606 $aHumanitarian assistance, American$zLibya 606 $aRefugees$zLibya 606 $aDiplomatic relations$2fast 606 $aEconomic sanctions, American$2fast 606 $aHumanitarian assistance, American$2fast 606 $aPolitical stability$2fast 606 $aRefugees$2fast 607 $aLibya$xForeign relations$zUnited States 607 $aUnited States$xForeign relations$zLibya 607 $aLibya$2fast 607 $aUnited States$2fast 608 $aLegislative materials.$2fast 608 $aLegislative materials.$2lcgft 615 0$aEconomic sanctions, American 615 0$aPolitical stability 615 0$aHumanitarian assistance, American 615 0$aRefugees 615 7$aDiplomatic relations. 615 7$aEconomic sanctions, American. 615 7$aHumanitarian assistance, American. 615 7$aPolitical stability. 615 7$aRefugees. 676 $a1.1/8:116-594 801 0$bGPO 801 1$bGPO 801 2$bGPO 801 2$bOCLCO 801 2$bOCLCF 801 2$bDWP 801 2$bMUB 801 2$bGPO 801 2$bOCLCO 801 2$bGPO 801 2$bOCLCQ 801 2$bGPO 906 $aBOOK 912 $a9910715172303321 996 $aH.R. 4644, the Libya Stabilization Act$93550819 997 $aUNINA